000 00646nam a2200205Ii 4500
001 7435
003 CO-ViMGA
008 241108s9999||||xx |||||||||||||| ||und||
040 _aCO-ViMGA
_bspa
_erda
_cCO-ViMGA
041 0 _aunk
082 0 4 _a986.101-B24
100 1 _aRafael Gómez Picón
_951416
245 1 0 _aTimaná de Belalcázar a la gaitana :
_bParábola de violencia y libertad
264 1 _a[Lugar de publicación no identificado] : A.C.B., 1981
300 _avolumen
336 _atext
_btxt
_2rdacontent
337 _aunmediated
_bn
_2rdamedia
338 _avolume
_bnc
_2rdacarrier
940 _aidficha_siabuc: 7264. -- ficha_no_siabuc:7435
999 _c54780
_d54780